MARC details
| 000 -LEADER |
| fixed length control field |
01591cam a22003975a 4500 |
| 001 - CONTROL NUMBER |
| control field |
017469970 |
| 003 - CONTROL NUMBER IDENTIFIER |
| control field |
EG-ScBUE |
| 005 - DATE AND TIME OF LATEST TRANSACTION |
| control field |
20210309092252.0 |
| 008 - FIXED-LENGTH DATA ELEMENTS--GENERAL INFORMATION |
| fixed length control field |
150724r20152013enka f b 001 0 eng d |
| 020 ## - INTERNATIONAL STANDARD BOOK NUMBER |
| International Standard Book Number |
9781107559493 |
| 040 ## - CATALOGING SOURCE |
| Original cataloging agency |
StDuBDS |
| Language of cataloging |
eng |
| Description conventions |
rda |
| Transcribing agency |
StDuBDS |
| Modifying agency |
EG-ScBUE |
| 082 04 - DEWEY DECIMAL CLASSIFICATION NUMBER |
| Classification number |
820.9353 |
| Item number |
SHA |
| Edition number |
22 |
| 245 00 - TITLE STATEMENT |
| Title |
Shakespearean sensations : |
| Remainder of title |
experiencing literature in early modern England / |
| Statement of responsibility, etc |
edited by Katharine A. Craik and Tanya Pollard. |
| 250 ## - EDITION STATEMENT |
| Edition statement |
First paperback edition. |
| 264 #1 - PUBLICATION, DISTRIBUTION, ETC. (IMPRINT) |
| Place of publication, distribution, etc |
Cambridge : |
| Name of publisher, distributor, etc |
Cambridge University Press, |
| Date of publication, distribution, etc |
2015. |
| 300 ## - PHYSICAL DESCRIPTION |
| Extent |
x, 244 pages ; |
| Dimensions |
23 cm |
| 336 ## - CONTENT TYPE |
| Source |
rdacontent |
| Content type term |
text |
| Content type code |
txt |
| 337 ## - MEDIA TYPE |
| Source |
rdamedia |
| Media type term |
unmediated |
| Media type code |
n |
| 338 ## - CARRIER TYPE |
| Source |
rdacarrier |
| Carrier type term |
volume |
| Carrier type code |
nc |
| 500 ## - GENERAL NOTE |
| General note |
Originally published : 2013. |
| 504 ## - BIBLIOGRAPHY, ETC. NOTE |
| Bibliography, etc |
Includes bibliographical references and index. |
| 600 17 - SUBJECT ADDED ENTRY--PERSONAL NAME |
| Personal name |
Shakespeare, William, |
| Dates associated with a name |
1564-1616 |
| General subdivision |
Criticism and interpretation. |
| Source of heading or term |
BUEsh |
| 650 #7 - SUBJECT ADDED ENTRY--TOPICAL TERM |
| Topical term or geographic name as entry element |
English literature |
| Chronological subdivision |
Early modern, 1500-1700 |
| General subdivision |
History and criticism |
| -- |
Theory, etc. |
| Source of heading or term |
BUEsh |
| 650 #7 - SUBJECT ADDED ENTRY--TOPICAL TERM |
| Topical term or geographic name as entry element |
English literature |
| General subdivision |
Psychological aspects. |
| Source of heading or term |
BUEsh |
| 650 #7 - SUBJECT ADDED ENTRY--TOPICAL TERM |
| Topical term or geographic name as entry element |
Reading |
| General subdivision |
Physiological aspects. |
| Source of heading or term |
BUEsh |
| 650 #7 - SUBJECT ADDED ENTRY--TOPICAL TERM |
| Topical term or geographic name as entry element |
Senses and sensation in literature. |
| Source of heading or term |
BUEsh |
| 650 #7 - SUBJECT ADDED ENTRY--TOPICAL TERM |
| Topical term or geographic name as entry element |
Reader-response criticism. |
| Source of heading or term |
BUEsh |
| 9 (RLIN) |
39751 |
| 650 #7 - SUBJECT ADDED ENTRY--TOPICAL TERM |
| Topical term or geographic name as entry element |
Theater audiences |
| Geographic subdivision |
England |
| General subdivision |
History |
| Chronological subdivision |
16th century. |
| Source of heading or term |
BUEsh |
| 650 #7 - SUBJECT ADDED ENTRY--TOPICAL TERM |
| Topical term or geographic name as entry element |
Theater audiences |
| Geographic subdivision |
England |
| General subdivision |
History |
| Chronological subdivision |
17th century. |
| Source of heading or term |
BUEsh |
| 651 ## - SUBJECT ADDED ENTRY--GEOGRAPHIC NAME |
| Source of heading or term |
BUEsh |
| 653 ## - INDEX TERM--UNCONTROLLED |
| Arrived date list |
October2016 |
| Resource For college |
Humanities: English |
| 655 ## - INDEX TERM--GENRE/FORM |
| Form subdivision |
Reading book |
| 9 (RLIN) |
34232 |
| 700 1# - ADDED ENTRY--PERSONAL NAME |
| Personal name |
Craik, Katharine A., |
| Relator term |
editor. |
| 700 1# - ADDED ENTRY--PERSONAL NAME |
| Personal name |
Pollard, Tanya, |
| Relator term |
editor. |
| 942 ## - ADDED ENTRY ELEMENTS (KOHA) |
| Source of classification or shelving scheme |
Dewey Decimal Classification |
| Koha item type |
Book - Borrowing |